Countries and their national sport - Statistics

General Stats
  • This quiz has been taken 8 times
  • The average score is 5 of 15
Answer Stats
Hint Answer % Correct
Canada Ice Hockey
75%
Japan Sumo
75%
South Africa Rugby, Cricket, Football
63%
Lithuania Basketball
50%
UK Cricket
50%
Indonesia Badminton
38%
Panama Baseball
38%
China Table Tennis (Ping Pong)
38%
Saudi Arabia Football
25%
Switzerland Alpine Wrestling (Schwingen)
13%
Russia Russian Hockey (Bandy)
13%
Sri Lanka Volleyball
13%
Philippines Arnis
0%
Iceland Belt Wrestling (Glíma)
0%
Mexico Charrería
0%
No matching quizzes found
Score Distribution
Percent of People with Each Score
Percentile by Number Answered
Your Score History
You have not taken this quiz